| 000 | | | 05174cbc2a2200000#x 450 |
| 001 | | | a664a3b5-1367-4f01-8a13-1c1244497207 |
| 005 | | | 20190611145520.0 |
| 100 | ## | $a | 20190610l18791881k l0rusy0189 ca |
| 101 | 0# | $a | rus |
| 102 | ## | $a | RU |
| 200 | 1# | $a | Журналы Театрально-литературного комитета |
| | $j | 1879-1880, 1880-1881 |
| 251 | ## | $c | Дело |
| 300 | ## | $a | В деле содержится журнал в переплете |
| 300 | ## | $a | Рукописный текст. Чернила |
| 801 | #0 | $a | RU |
| | $b | РГИА |
| | $c | 20190610 |
| | $g | RCR |
| 801 | #1 | $a | RU |
| | $b | ГлавНИВЦ |
| | $c | 20190610 |
| | $2 | rusmarc |
| 801 | #2 | $a | RU |
| | $b | ПБ им. Б.Н. Ельцина |
| | $c | 20190610 |
| | $g | RCR |
| | $2 | rusmarc |
| 850 | ## | $a | РГИА |
| 852 | ## | $a | РГИА |
| | $e | Федеральное казенное учреждение "Российский государственный исторический архив" (РГИА) |
| | $j | 3274 |
| 937 | ## | $h | РГИА |
| | $d | 12317672 |
| | $a | ASBIBLIO_SCAN |
| 462 | #0 | $1 | 0019a35cca9-b43d-452e-af67-755266f4acb5 |
| | $1 | 2001 |
| | $a | 1783-1917 гг. |
| | $v | Д. 3274 |
| | $1 | 251 |
| | $c | Опись |
| | $1 | 852 |
| | $j | 4 |
| 461 | #0 | $1 | 0019264ebf8-de62-4f1a-9eb4-9f22098dbbd5 |
| | $1 | 2001 |
| | $a | Дирекция императорских театров МИДв |
| | $1 | 251 |
| | $c | Фонд |
| | $1 | 852 |
| | $j | 497 |
| 215 | ## | $a | 148 листов |
| | $d | 36,5х23 см |
| 371 | ## | $a | Документ не является опубликованным и широко распространяемым |
| 105 | ## | $a | y### |
| 122 | 2# | $a | d1879###### |
| | $a | d1880###### |
| 122 | 2# | $a | d1880###### |
| | $a | d1881###### |
| 035 | ## | $a | a664a3b5-1367-4f01-8a13-1c1244497207 |
| 856 | ## | $u | http://readingroom.main.prlib.ru/item.aspx?id_node=n130042901&mode=full |
| 601 | 01 | $2 | prlib_sh |
| | $3 | LIBNET\UAF\0000083577 |
| | $a | Театрально-литературный комитет |
| | $c | Санкт-Петербург, город |
| | $j | Периодические издания |
| | $x | История |
| 605 | ## | $2 | acquisition_Prlib |
| | $3 | LIBNET\UAF\0000080478 |
| | $a | Год театра в России |
| | $l | коллекция |
| 605 | ## | $2 | acquisition_Prlib |
| | $3 | DITM\AF\0000004166 |
| | $a | Россия в лицах |
| | $l | коллекция |
| 606 | 1# | $a | Театральная жизнь |
| | $j | Периодические издания |
| | $y | Россия |
| | $z | 19 в. |
| 606 | 1# | $2 | nlr_sh |
| | $3 | RU\NLR\AUTH\66954322 |
| | $a | Театр |
| | $j | Периодические издания |
| | $x | Репертуар |